Focus (Record no. 84374)

MARC details
000 -LEADER
fixed length control field 00780cab a22002055a 4500
001 - CONTROL NUMBER
control field L157417
008 - FIXED-LENGTH DATA ELEMENTS--GENERAL INFORMATION
fixed length control field 121128e20121124xxk 000 0 eng d
035 ## - SYSTEM CONTROL NUMBER
System control number (Sirsi) u157417
041 0# - LANGUAGE CODE
Language code of text/sound track or separate title eng
100 1# - MAIN ENTRY--PERSONAL NAME
Personal name Meadwell, Stacey
245 00 - TITLE STATEMENT
Title Focus
Remainder of title Scotland
260 ## - PUBLICATION, DISTRIBUTION, ETC.
Date of publication, distribution, etc. 2012
490 ## - SERIES STATEMENT
Series statement Estates Gazette
Volume/sequential designation (1247) 24 November 2012, 99-117(14)
520 ## - SUMMARY, ETC.
Summary, etc. Includes information on shopping centre owners in Glasgow who are increasingly using their space for retail requirements; recent deals in the property investment market and developers in Glasgow, Edinburgh and Aberdeen who are preparing for recovery by putting funding and infrastructure in place.
590 ## - LOCAL NOTE (RLIN)
Local note KA
700 1# - ADDED ENTRY--PERSONAL NAME
Personal name Thame, David
700 1# - ADDED ENTRY--PERSONAL NAME
Personal name Pilkington, Lisa
700 1# - ADDED ENTRY--PERSONAL NAME
Personal name Hamilton, Helen
942 ## - ADDED ENTRY ELEMENTS (KOHA)
Suppress in OPAC 0
Holdings
Withdrawn status Lost status Source of classification or shelving scheme Damaged status Not for loan Home library Current library Shelving location Date acquired Total Checkouts Full call number Barcode Date last seen Copy number Price effective from Koha item type
    Dewey Decimal Classification     London London Journal article 28/11/2012   L157417 157417-1001 06/08/2019 1 06/08/2019 Journal article